Digesto del Instituto Internacional de Historia del Derecho Indiano.
Saved in:
| Institution som forfatter: | |
|---|---|
| Andre forfattere: | |
| Format: | Bog |
| Sprog: | engelsk |
| Udgivet: |
Córdoba, República Argentina:
Universidad Nacional de Córdoba,
2016.
|
| Fag: | |
| Tags: |
Tilføj Tag
Ingen Tags, Vær først til at tagge denne postø!
|
MARC
| LEADER | 00000nam a22000007a 4500 | ||
|---|---|---|---|
| 003 | CL-VaPUC | ||
| 005 | 20220822114433.0 | ||
| 008 | 220315b ||||| |||| 00| 0 eng d | ||
| 999 | |c 434850 |d 434848 | ||
| 040 | |c Pontificia Universidad Católica de Valparaíso | ||
| 082 | 7 | |a 349.8 INS 2016 |2 22 | |
| 110 | |a Instituto Internacional de Historia del Derecho Indiano. |9 867194 | ||
| 245 | |a Digesto del Instituto Internacional de Historia del Derecho Indiano. | ||
| 260 | |a Córdoba, República Argentina: |b Universidad Nacional de Córdoba, |c 2016. | ||
| 300 | |a 170 páginas. | ||
| 500 | |a c.1 Donación Familia Prof. Alejandro Guzmán Brito. | ||
| 583 | |c 20220315 |k Yessy Stephany Diaz Vidal | ||
| 650 | |a Derecho indiano |x Actas |9 869411 | ||
| 700 | |a Bermúdez Aznar, Agustín, |9 400341 |e presidente del comité ejecutivo | ||
| 942 | |2 ddc |c BK |n 0 | ||
| 952 | |0 0 |1 0 |2 ddc |4 0 |6 349_800000000000000_INS_2016 |7 1 |8 C_AGB |9 581857 |a BIBDER |b BIBDER |d 2022-03-15 |e Donación |i 5650106 |o 349.8 INS 2016 |p 5650106 |r 2023-01-25 |t 1 |w 2022-03-15 |y BK_US |k AGB | ||